Sports Quiz

Random Sports or Baseball Quiz

Opening Day Lineups: Angels Quiz Stats

 Plays Quiz Updated Aug 9, 2019

Score 0/289 Timer 17:00
14 Plays Today
Year Player % Correct
2013Mike Trout
86.6%
2014Mike Trout
86.5%
2015Mike Trout
86%
2016Mike Trout
84.9%
2012Albert Pujols
83.4%
2013Albert Pujols
83.2%
2017Mike Trout
82.2%
2014Albert Pujols
82%
2015Albert Pujols
80.4%
2016Albert Pujols
78.3%
2018Mike Trout
77.6%
1997Garret Anderson
77.1%
1998Garret Anderson
77.1%
1999Garret Anderson
77.1%
2000Garret Anderson
77.1%
2001Garret Anderson
77.1%
2002Garret Anderson
77.1%
1996Garret Anderson
77.1%
2003Garret Anderson
77.1%
2004Garret Anderson
77.1%
2005Garret Anderson
77.1%
2006Garret Anderson
77.1%
2007Garret Anderson
77.1%
2008Garret Anderson
77.1%
2004Vladimir Guerrero
76.6%
2005Vladimir Guerrero
76.6%
2006Vladimir Guerrero
76.6%
2007Vladimir Guerrero
76.6%
2008Vladimir Guerrero
76.6%
2009Vladimir Guerrero
76.6%
2017Albert Pujols
74.4%
1993Tim Salmon
74%
1994Tim Salmon
74%
1995Tim Salmon
74%
1996Tim Salmon
74%
1997Tim Salmon
74%
1999Tim Salmon
74%
2000Tim Salmon
74%
2001Tim Salmon
74%
2002Tim Salmon
74%
1998Tim Salmon
74%
2003Tim Salmon
74%
2004Tim Salmon
74%
1999Troy Glaus
71.8%
2000Troy Glaus
71.8%
2002Troy Glaus
71.8%
2001Troy Glaus
71.8%
2003Troy Glaus
71.8%
2004Troy Glaus
71.8%
2008Jered Weaver
71.4%
2010Jered Weaver
71.1%
2011Jered Weaver
70.7%
2012Jered Weaver
70.7%
2019Mike Trout
70.5%
2008Torii Hunter
70.3%
2009Torii Hunter
70.3%
2010Torii Hunter
70.1%
2013Jered Weaver
70%
2018Albert Pujols
69.1%
2014Jered Weaver
68%
2005Chone Figgins
67.4%
2006Chone Figgins
67.4%
2008Chone Figgins
67.4%
2009Chone Figgins
67.4%
2015Jered Weaver
65.2%
2003John Lackey
63.2%
2007John Lackey
63.2%
2001Bengie Molina
62.8%
2002Bengie Molina
62.8%
2000Bengie Molina
62.8%
2003Bengie Molina
62.8%
2005Bengie Molina
62.8%
2004Jose Molina
62.7%
2006Jose Molina
62.7%
2001David Eckstein
62.1%
2002David Eckstein
62.1%
2003David Eckstein
62.1%
2004David Eckstein
62.1%
1997Darin Erstad
60.8%
1998Darin Erstad
60.8%
1999Darin Erstad
60.8%
2000Darin Erstad
60.8%
2001Darin Erstad
60.8%
2002Darin Erstad
60.8%
2003Darin Erstad
60.8%
2004Darin Erstad
60.8%
2005Darin Erstad
60.8%
2006Darin Erstad
60.8%
2019Albert Pujols
60.2%
2011Howie Kendrick
59.3%
2012Howie Kendrick
59.3%
2007Howie Kendrick
58.9%
2008Howie Kendrick
58.9%
2009Howie Kendrick
58.9%
2013Howie Kendrick
58.7%
2010Howie Kendrick
58.6%
2013Josh Hamilton
58.5%
Year Player % Correct
1995Jim Edmonds
58.4%
1996Jim Edmonds
58.4%
1997Jim Edmonds
58.4%
1998Jim Edmonds
58.4%
2011Torii Hunter
57.3%
2012Torii Hunter
57.3%
2014Howie Kendrick
56.5%
2011Erick Aybar
55.7%
2012Erick Aybar
55.7%
2013Erick Aybar
55.4%
2009Kendry Morales
55.1%
2010Kendry Morales
54.8%
2014Josh Hamilton
54.8%
2009Erick Aybar
54%
2010Erick Aybar
53.9%
2014Erick Aybar
53.6%
1991Chuck Finley
53.1%
1996Chuck Finley
53.1%
1998Chuck Finley
53.1%
1995Chuck Finley
53.1%
2007Mike Napoli
53%
2008Mike Napoli
53%
2009Bobby Abreu
52.9%
2005Steve Finley
52.9%
2010Bobby Abreu
52.6%
2016Andrelton Simmons
52.4%
2015Kole Calhoun
52.1%
2017Andrelton Simmons
51.8%
2016Kole Calhoun
51.3%
2015Erick Aybar
51%
2014Kole Calhoun
50.3%
2004Bartolo Colon
50.2%
2005Bartolo Colon
50.2%
2006Bartolo Colon
50.2%
2002Adam Kennedy
49%
2000Adam Kennedy
49%
2003Adam Kennedy
49%
2004Adam Kennedy
49%
2006Adam Kennedy
49%
2017Kole Calhoun
48.7%
2011Mark Trumbo
47.4%
2012Mark Trumbo
47.4%
2018Andrelton Simmons
47.2%
2012Kendrys Morales
46.8%
2005Orlando Cabrera
46.7%
2006Orlando Cabrera
46.7%
2007Orlando Cabrera
46.7%
2013Mark Trumbo
46.6%
1994Bo Jackson
46%
1993Chili Davis
45.9%
1994Chili Davis
45.9%
1996Chili Davis
45.9%
1995Chili Davis
45.9%
1999Mo Vaughn
45.1%
2000Mo Vaughn
45.1%
2018Kole Calhoun
43%
2014David Freese
42.7%
2016C.J. Cron
42.7%
2011Bobby Abreu
42.7%
2013Chris Iannetta
42.4%
2012Chris Iannetta
42.1%
2010Hideki Matsui
42.1%
2015C. J. Cron
42%
2014Chris Iannetta
41.6%
2007Maicer Izturis
41.5%
2008Maicer Izturis
41.5%
2016Garrett Richards
41%
2015David Freese
40.6%
2017C.J. Cron
39.7%
2009Jeff Mathis
39.7%
2015Chris Iannetta
39.6%
2010Jeff Mathis
39.5%
2011Vernon Wells
39.4%
2012Vernon Wells
39.4%
2018Justin Upton
39.2%
1991Wally Joyner
38.1%
2011Maicer Izturis
37.9%
2016Yunel Escobar
37.8%
1992Mark Langston
37.5%
1993Mark Langston
37.5%
1994Mark Langston
37.5%
1997Mark Langston
37.5%
2007Gary Matthews, Jr.
37.4%
2008Gary Matthews, Jr.
37.4%
2006Juan Rivera
37.3%
2009Juan Rivera
37.3%
2010Juan Rivera
37%
2006Casey Kotchman
36.8%
2007Casey Kotchman
36.8%
2008Casey Kotchman
36.8%
2019Andrelton Simmons
36.5%
2011Jeff Mathis
36.4%
2016Carlos Perez
36.4%
2011Peter Bourjos
36.2%
2012Peter Bourjos
36.2%
2017Yunel Escobar
35.6%
2018Shohei Ohtani
35.3%
Year Player % Correct
2000Scott Spiezio
34.4%
2001Scott Spiezio
34.4%
2003Scott Spiezio
34.4%
2018Garrett Richards
34.1%
2019Kole Calhoun
33.7%
1992Gary DiSarcina
33.2%
1993Gary DiSarcina
33.2%
1994Gary DiSarcina
33.2%
1995Gary DiSarcina
33.2%
1996Gary DiSarcina
33.2%
1997Gary DiSarcina
33.2%
1998Gary DiSarcina
33.2%
2000Gary DiSarcina
33.2%
2002Jarrod Washburn
33%
1993J.T. Snow
32.1%
1995J.T. Snow
32.1%
1996J.T. Snow
32.1%
2010Brandon Wood
31.5%
1998Norberto Martin
30%
2017Martin Maldonado
30%
2000Ken Hill
29.7%
2001Glenallen Hill
29.7%
2009Joe Saunders
29.7%
2018Zack Cozart
28.6%
2018Martin Maldonado
28.5%
2013Alberto Callaspo
27.9%
1991Dave Winfield
27.4%
2014Raúl Ibañez
26.5%
1994Eduardo Perez
25.9%
1995Eduardo Perez
25.9%
2002Brad Fullmer
25.7%
2003Brad Fullmer
25.7%
2015Johnny Giavotella
25.6%
1991Luis Polonia
25.5%
1992Luis Polonia
25.5%
1993Luis Polonia
25.5%
2016Johnny Giavotella
25.2%
1991Gary Gaetti
24.4%
1992Gary Gaetti
24.4%
2019Justin Bour
24.3%
2004Jose Guillen
24.1%
1995Tony Phillips
23.9%
2001Benji Gil
23.6%
2002Benji Gil
23.6%
1991Lance Parrish
22.1%
1992Lance Parrish
22.1%
2017Ricky Nolasco
21.8%
1993Chad Curtis
21.7%
1994Chad Curtis
21.7%
2018Luis Valbuena
21.6%
1999Todd Greene
21.2%
2017Cameron Maybin
20.9%
2016Daniel Nava
20.8%
2019Jonathan Lucroy
20.8%
1991Dave Parker
20.3%
2019Zack Cozart
20.2%
1993Damion Easley
19.4%
1995Damion Easley
19.4%
1994Damion Easley
19.4%
1996Randy Velarde
19.3%
1999Randy Velarde
19.3%
1998Cecil Fielder
19.3%
1997Eddie Murray
19%
2017Danny Espinosa
18.9%
1991Dick Schofield
18.6%
2019Peter Bourjos
18.1%
1994Harold Reynolds
17.9%
2019Tommy La Stella
17.8%
1991Luis Sojo
17.1%
1997Dave Hollins
17%
1998Dave Hollins
17%
2007Shea Hillenbrand
16.6%
1992Lee Stevens
15.8%
2005Jeff DaVanon
15.7%
2005Robb Quinlan
15.6%
1992Von Hayes
15.6%
1991Junior Felix
15.4%
1992Junior Felix
15.4%
1998Matt Walbeck
14.9%
1999Matt Walbeck
14.9%
1996Jorge Fabregas
14.7%
2019Trevor Cahill
14.2%
1993Rene Gonzales
14%
2001Scott Schoeneweis
14%
1999Tim Belcher
13.4%
1997Jim Leyritz
13.1%
1994Greg Myers
13%
1992Hubie Brooks
12.4%
1997Luis Alicea
12.3%
1992Bobby Rose
10.5%
1993John Orton
10.2%
1996George Arias
10.1%
1995Andy Allanson
9.3%
1999Andy Sheets
8.9%
2015Matthew Joyce
7.7%

You're not logged in!

Compare scores with friends on all Sporcle quizzes.
OR
Log In

Sporcle TV

Today on Sporcle TV


Watch our educational content, quiz creation guides, and fun videos on Sporcle TV.

Show Comments

Extras

Top Quizzes Today


Score Distribution

Your Account Isn't Verified!

In order to create a playlist on Sporcle, you need to verify the email address you used during registration. Go to your Sporcle Settings to finish the process.

Report this User

Report this user for behavior that violates our Community Guidelines.

Details: